<?xml version="1.0" encoding="UTF-8"?>
<collection xmlns="http://www.loc.gov/MARC21/slim">
 <record>
  <leader>     na                 </leader>
  <controlfield tag="001">INLIS000000000001411</controlfield>
  <controlfield tag="005">20240815010615</controlfield>
  <controlfield tag="035">$a 0010-0824000023</controlfield>
  <controlfield tag="007">ta</controlfield>
  <controlfield tag="008">240815                           0 ind  </controlfield>
  <controlfield tag="020">$a 978-623-88330-2-3</controlfield>
  <controlfield tag="082">$a 372</controlfield>
  <controlfield tag="084">$a 372 DES w</controlfield>
  <controlfield tag="100">$a Desiree Luhulima</controlfield>
  <controlfield tag="245">$a Wujudkan Anak Bahagia : $b Pra Pendidikan Dasar Metode Finlandia /$c Desiree Luhulima</controlfield>
  <controlfield tag="260">$a Banten :$b PT Literaloka Media Utama,$c 2023</controlfield>
  <controlfield tag="300">$a 170 hlm : $b ilus ; $c 16 x 24 cm</controlfield>
  <controlfield tag="990">$a 011/2024</controlfield>
 </record>
</collection>
